| 000 | 00360 a2200169 4500 | ||
|---|---|---|---|
| 001 | 57244 | ||
| 020 | _a8532248764 | ||
| 040 | _cAnchieta - Pituba | ||
| 100 | _aCarrasco, Walcyr | ||
| 240 | 1 | 0 |
_aO mistério da gruta _lpor |
| 245 | 1 | 0 | _aO mistério da gruta |
| 300 | _a56 | ||
| 362 | 0 | _a2002 | |
| 440 | 1 | _aFTD | |
| 650 | 4 | _aLiteratura juvenil | |
| 942 | _cBK | ||
| 999 |
_c57244 _d57244 |
||